000 00343nam a2200121Ia 4500
008 191206s9999 xx 000 0 und d
090 _aHF1411.M44
245 0 _ainternational economics of development: theory and policy
260 _aHarper & Row
260 _cc[1968]
300 _a"xi, 338 p. illus. 24 cm."
999 _c16240
_d16240